Cracking the GRE Psychology Subject Test / (Record no. 616968)
[ view plain ]
| 000 -LEADER | |
|---|---|
| fixed length control field | 00385nam a22001457a 4500 |
| 020 ## - INTERNATIONAL STANDARD BOOK NUMBER | |
| Qualifying information | PB. |
| 040 ## - CATALOGING SOURCE | |
| Transcribing agency | FIZZA ISHAQ |
| 082 ## - DEWEY DECIMAL CLASSIFICATION NUMBER | |
| Classification number | 378.1662 |
| Author Mark | JAY |
| 100 ## - MAIN ENTRY--PERSONAL NAME | |
| Personal name | Jay , Meg. |
| 9 (RLIN) | 134041 |
| 245 ## - TITLE STATEMENT | |
| Title | Cracking the GRE Psychology Subject Test / |
| Statement of responsibility, etc. | Meg Jay. |
| 250 ## - EDITION STATEMENT | |
| Edition statement | 8th ED. |
| 260 ## - PUBLICATION, DISTRIBUTION, ETC. | |
| Place of publication, distribution, etc. | New YORK: |
| Name of publisher, distributor, etc. | Princeton Review, |
| Date of publication, distribution, etc. | 2010. |
| 300 ## - PHYSICAL DESCRIPTION | |
| Extent | 238 P. ; |
| Dimensions | 7.5 X 10.7 inches |
| 942 ## - ADDED ENTRY ELEMENTS (KOHA) | |
| Source of classification or shelving scheme | |
| Koha item type | Book |
| Withdrawn status | Lost status | Source of classification or shelving scheme | Damaged status | Not for loan | Permanent Location | Current Location | Shelving location | Date acquired | Total Checkouts | Full call number | Barcode | Date last seen | Price effective from | Koha item type |
|---|---|---|---|---|---|---|---|---|---|---|---|---|---|---|
| NUST Baluchistan Campus (NBC) | NUST Baluchistan Campus (NBC) | General Stacks | 04/10/2026 | 378.1662 JAY | QD-303 | 04/10/2026 | 04/10/2026 | Book |
